Lessons from Exchange Rate Based Stabilization in Argentina
Na minha lista:
| Autor principal: | |
|---|---|
| Formato: | Livro |
| Idioma: | inglês |
| Publicado em: |
Kiel
Institut für Weltwirtschaft
1993
|
| Colecção: | Kiel Working Paper
No.567 |
| Assuntos: | |
| Tags: |
Sem tags, seja o primeiro a adicionar uma tag!
|
MARC
| LEADER | 00000nam a2200000 4500 | ||
|---|---|---|---|
| 001 | c010776 | ||
| 005 | 20250521093006.4 | ||
| 041 | 0 | |a eng | |
| 044 | |a DE | ||
| 245 | 1 | 0 | |a Lessons from Exchange Rate Based Stabilization in Argentina |c Rainer Schweickert |
| 264 | 1 | |a Kiel |b Institut für Weltwirtschaft |c 1993 | |
| 300 | |a 26 s. | ||
| 490 | 1 | |a Kiel Working Paper |v No.567 | |
| 830 | 0 | |a Kiel Working Paper |v No.567 | |
| 610 | 2 | 0 | |a kurz devízový |
| 610 | 2 | 0 | |a stabilita meny |
| 610 | 2 | 0 | |a stabilita hospodárstva |
| 610 | 2 | 0 | |a prostredie ekonomické |
| 610 | 2 | 0 | |a politika finančná |
| 610 | 2 | 0 | |a rozvoj hospodársky |
| 610 | 2 | 0 | |a Argentína |
| 100 | 1 | |a Schweickert, Rainer | |